[Event "Junior Online 4NCL Division 3"]
[Site "online"]
[Date "2021.02.18"]
[EventDate "2021.02.18"]
[Round "3.95"]
[White "Anandkumar, Govind"]
[WhiteElo "1217"]
[WhiteTeam "St John's College C"]
[Black "Gogia, Pranay"]
[BlackElo "1826"]
[BlackTeam "Colchester Juniors A"]
[Result "0-1"]
[PlyCount "104"]

1. e4 e6 2. d4 d5 3. exd5 exd5 4. Bd3 Nf6 5. Nf3 Bd6 6. O-O O-O 7. Bg5 h6 8. Bh4 Bg4 9. h3 Bh5 10. c3 Nbd7 11. Nbd2 c6 12. Qc2 Re8 13. Rfe1 Qc7 14. Rac1 g5 15. Bg3 Bxg3 16. fxg3 Qxg3 17. Rxe8+ Rxe8 18. Ne5 Nxe5 19. dxe5 Rxe5 20. c4 Re1+ 21. Nf1 Rxc1 22. Qxc1 Qxd3 23. cxd5 Nxd5 24. Qe1 Be2 25. Qf2 Bxf1 26. Qxf1 Qxf1+ 27. Kxf1 f5 28. Ke2 Kf7 29. Kf3 Ke6 30. Ke2 f4 31. Kf3 Kf5 32. Ke2 b5 33. Kf3 a5 34. Ke2 c5 35. Kd3 Ke5 36. g4 fxg3 37. Ke2 Kf4 38. Kf1 Kf3 39. Kg1 Nf4 40. Kf1 Nxh3 41. Ke1 g2 42. Kd1 g1=Q+ 43. Kd2 g4 44. Kd3 g3 45. Kc3 g2 46. Kb3 Qf1 47. Ka3 Nf4 48. b4 cxb4+ 49. Kb3 a4+ 50. Kxb4 g1=Q 51. a3 Qc4+ 52. Ka5 Qa7# 0-1

[Event "Junior Online 4NCL Division 3"]
[Site "online"]
[Date "2021.02.18"]
[EventDate "2021.02.18"]
[Round "3.96"]
[White "Popovici, Rees"]
[WhiteElo "1702"]
[WhiteTeam "Colchester Juniors A"]
[Black "Bagga, Khushi"]
[BlackElo "1189"]
[BlackTeam "St John's College C"]
[Result "0-1"]
[PlyCount "38"]

1. e4 e5 2. d4 f6 3. Nf3 Bb4+ 4. c3 Ba5 5. b4 Bb6 6. a4 a5 7. dxe5 fxe5 8. Nxe5 d6 9. Qh5+ g6 10. Nxg6 hxg6 11. Qxh8 Be6 12. e5 Nc6 13. exd6 Qxd6 14. Bb5 O-O-O 15. O-O Nge7 16. Qh4 Nf5 17. Qf6 Rf8 18. Qxg6 Rh8 19. Be3 Qxh2# 0-1

[Event "Junior Online 4NCL Division 3"]
[Site "online"]
[Date "2021.02.18"]
[EventDate "2021.02.18"]
[Round "3.97"]
[White "Pandit, Aaryan"]
[WhiteElo "1255"]
[WhiteTeam "St John's College C"]
[Black "Rida, Ruqayyah"]
[BlackElo "1540"]
[BlackTeam "Colchester Juniors A"]
[Result "0-1"]
[PlyCount "76"]

1. d4 Nf6 2. Bf4 g6 3. e3 Bg7 4. Nc3 O-O 5. Nf3 d6 6. Bd3 e6 7. h4 h6 8. Nd2 Nc6 9. g4 Nd7 10. h5 g5 11. Bg3 Nb6 12. Nf3 Bd7 13. Nh2 e5 14. d5 Ne7 15. f4 exf4 16. exf4 Nexd5 17. Nxd5 Nxd5 18. fxg5 Qxg5 19. Qd2 Rfe8+ 20. Be2 Qxd2+ 21. Kxd2 Bc6 22. Rhe1 Bxb2 23. Rab1 Bc3+ 24. Kd1 Bxe1 25. Kxe1 Nc3 26. Rb3 Nxe2 27. Kd1 Nxg3 28. Rxg3 Re5 29. Nf3 Bxf3+ 30. Rxf3 Rae8 31. Kd2 c5 32. c4 Re2+ 33. Kd3 Rxa2 34. Rg3 Ra3+ 35. Kd2 Rxg3 36. Kc2 Re2+ 37. Kd1 Rh2 38. Kc1 Rg1# 0-1

[Event "Junior Online 4NCL Division 3"]
[Site "online"]
[Date "2021.02.18"]
[EventDate "2021.02.18"]
[Round "3.98"]
[White "Catabay, Rezin C"]
[WhiteElo "1493"]
[WhiteTeam "Colchester Juniors A"]
[Black "Kulkarni, Arnav"]
[BlackElo "1033"]
[BlackTeam "St John's College C"]
[Result "0-1"]
[PlyCount "76"]

1. c4 e5 2. Nc3 Nf6 3. g3 d5 4. cxd5 Nxd5 5. Bg2 Nxc3 6. bxc3 Nc6 7. Qa4 Bd7 8. Qb5 Rb8 9. Bxc6 Bxc6 10. Qxe5+ Be7 11. Nf3 O-O 12. O-O Re8 13. Qd4 Bf6 14. Qxd8 Rbxd8 15. Nd4 Bxd4 16. cxd4 Rxe2 17. d3 Rxd4 18. Bf4 Rxd3 19. Bxc7 Rdd2 20. Rad1 Rxa2 21. Rd8+ Re8 22. Rxe8+ Bxe8 23. Re1 Bb5 24. Re5 Ra1+ 25. Kg2 Bc6+ 26. Kh3 b5 27. Rc5 Bd7+ 28. Kh4 Ra4+ 29. f4 f6 30. Rd5 Bc6 31. Rd8+ Kf7 32. Kh5 Rc4 33. Bd6 a5 34. f5 Bf3+ 35. g4 Bxg4+ 36. Kh4 Bxf5+ 37. Kg3 a4 38. Rf8+ Ke6 0-1

[Event "Junior Online 4NCL Division 3"]
[Site "online"]
[Date "2021.02.18"]
[EventDate "2021.02.18"]
[Round "3.101"]
[White "Balakrishnan, Akshata"]
[WhiteElo "631"]
[WhiteTeam "Watford Juniors E"]
[Black "Nagar, Nikunj"]
[BlackElo "658"]
[BlackTeam "East Kilbride Bishops"]
[Result "0-1"]
[PlyCount "42"]

1. e4 e5 2. Nf3 Nc6 3. Nc3 Nf6 4. Bc4 Nxe4 5. Nxe4 d5 6. Bxd5 Qxd5 7. d3 Qa5+ 8. b4 Bxb4+ 9. Bd2 f5 10. Neg5 h6 11. Nh3 Bxd2+ 12. Nxd2 Be6 13. O-O O-O-O 14. Nb3 Qb6 15. Qd2 f4 16. Rab1 Bxh3 17. Na1 Qd4 18. c3 Qc5 19. Nb3 Qe7 20. Qb2 Qg5 21. Rfe1 Qxg2# 0-1

[Event "Junior Online 4NCL Division 3"]
[Site "online"]
[Date "2021.02.18"]
[EventDate "2021.02.18"]
[Round "3.102"]
[White "Roul, Tushar"]
[WhiteElo "395"]
[WhiteTeam "East Kilbride Bishops"]
[Black "Karthik, Trivikraman"]
[BlackElo "670"]
[BlackTeam "Watford Juniors E"]
[Result "0-1"]
[PlyCount "24"]

1. e4 e5 2. Nf3 Nc6 3. Nc3 Nf6 4. d4 d6 5. dxe5 Nxe5 6. Nxe5 dxe5 7. Qxd8+ Kxd8 8. Bg5 Be6 9. O-O-O+ Kc8 10. Bxf6 gxf6 11. Nd5 c6 12. Nc3 Rg8 0-1

[Event "Junior Online 4NCL Division 3"]
[Site "online"]
[Date "2021.02.18"]
[EventDate "2021.02.18"]
[Round "3.103"]
[White "Taylor, Tamuka"]
[WhiteElo "622"]
[WhiteTeam "Watford Juniors E"]
[Black "Narasimhan, Srivathsan"]
[BlackElo "410"]
[BlackTeam "East Kilbride Bishops"]
[Result "0-1"]
[PlyCount "60"]

1. e4 e5 2. Nf3 Nc6 3. Bc4 Nf6 4. Nc3 Nxe4 5. Nxe4 d5 6. Bxd5 Qxd5 7. Nc3 Qd8 8. O-O Bf5 9. d3 Bc5 10. Bg5 Be7 11. Bxe7 Qxe7 12. Qe2 O-O 13. Rfe1 Rae8 14. a4 Bg4 15. h3 Nd4 16. Qe4 Bxf3 17. gxf3 f5 18. Qe3 Nxc2 19. Qe2 Nd4 20. Qe3 Nc2 21. Qe2 Nxe1 22. Qxe1 Qg5+ 23. Kh1 Rf6 24. Nb5 Rg6 25. Qf1 Rd8 26. Nxa7 e4 27. fxe4 fxe4 28. dxe4 Qf4 29. Qe1 Qf3+ 30. Kh2 Qg2# 0-1

[Event "Junior Online 4NCL Division 3"]
[Site "online"]
[Date "2021.02.18"]
[EventDate "2021.02.18"]
[Round "3.104"]
[White "Bhattacharjee, Aaditya"]
[WhiteElo "250"]
[WhiteTeam "East Kilbride Bishops"]
[Black "Naren, Riya"]
[BlackElo "646"]
[BlackTeam "Watford Juniors E"]
[Result "1-0"]
[PlyCount "23"]

1. e4 e5 2. Nf3 Nc6 3. Bc4 Nf6 4. Ng5 Bc5 5. Nxf7 Qe7 6. Nxh8 Qd8 7. O-O Kf8 8. d3 Ke8 9. Bg5 h6 10. Bxf6 gxf6 11. Qh5+ Kf8 12. Qf7# 1-0

[Event "Junior Online 4NCL Division 3"]
[Site "online"]
[Date "2021.02.18"]
[EventDate "2021.02.18"]
[Round "3.105"]
[White "Nagar, Nikunj"]
[WhiteElo "658"]
[WhiteTeam "East Kilbride Bishops"]
[Black "Balakrishnan, Akshata"]
[BlackElo "631"]
[BlackTeam "Watford Juniors E"]
[Result "1-0"]
[PlyCount "49"]

1. e4 e5 2. Nf3 Nc6 3. Nc3 Nf6 4. h3 Bc5 5. Nxe5 Nxe5 6. d4 Bxd4 7. Qxd4 d6 8. Bf4 Nc6 9. Qd1 Nxe4 10. Nxe4 Bf5 11. Qe2 d5 12. Nd6+ Kf8 13. Nxf5 Qf6 14. Qg4 Nb4 15. O-O-O Nxa2+ 16. Kb1 Qe6 17. Qxg7+ Ke8 18. Qxh8+ Kd7 19. Qxa8 Qxf5 20. Bb5+ c6 21. Qxb7+ Ke8 22. Bxc6+ Kd8 23. Bg5+ f6 24. Bxf6+ Qxf6 25. Qd7# 1-0

[Event "Junior Online 4NCL Division 3"]
[Site "online"]
[Date "2021.02.18"]
[EventDate "2021.02.18"]
[Round "3.106"]
[White "Karthik, Trivikraman"]
[WhiteElo "670"]
[WhiteTeam "Watford Juniors E"]
[Black "Roul, Tushar"]
[BlackElo "395"]
[BlackTeam "East Kilbride Bishops"]
[Result "1-0"]
[PlyCount "41"]

1. d4 d5 2. Bf4 Nf6 3. e3 c5 4. c3 Nc6 5. Bd3 Qb6 6. Nd2 e6 7. b3 Be7 8. a4 O-O 9. h3 cxd4 10. exd4 Re8 11. Ngf3 Qd8 12. O-O Bd6 13. Ne5 Qc7 14. Re1 Nd7 15. Bxh7+ Kxh7 16. Qh5+ Kg8 17. Qxf7+ Kh8 18. Qxe8+ Kh7 19. Qg6+ Kh8 20. Nf7+ Kg8 21. Bxd6 1-0

[Event "Junior Online 4NCL Division 3"]
[Site "online"]
[Date "2021.02.18"]
[EventDate "2021.02.18"]
[Round "3.107"]
[White "Narasimhan, Srivathsan"]
[WhiteElo "410"]
[WhiteTeam "East Kilbride Bishops"]
[Black "Taylor, Tamuka"]
[BlackElo "622"]
[BlackTeam "Watford Juniors E"]
[Result "1-0"]
[PlyCount "93"]

1. e4 e5 2. Nf3 Nc6 3. Nc3 Nf6 4. d4 exd4 5. Nxd4 Nxd4 6. Qxd4 Bd6 7. e5 Bb4 8. exf6 Qxf6 9. Qxb4 Qe6+ 10. Qe4 Qxe4+ 11. Nxe4 O-O 12. Bc4 d6 13. O-O Bf5 14. Ng3 Bxc2 15. Bf4 h6 16. Rae1 Rae8 17. Rxe8 Rxe8 18. Bd2 Bg6 19. Re1 Rf8 20. f4 c6 21. f5 Bh7 22. Re7 d5 23. Bd3 g6 24. fxg6 fxg6 25. Nh5 Rf7 26. Re8+ Rf8 27. Nf6+ Kf7 28. Rxf8+ Kxf8 29. Nxh7+ Kg7 30. Kf2 Kxh7 31. Ke3 Kg7 32. Kf4 Kf6 33. Bc3+ Ke6 34. Bxg6 Kd6 35. Be5+ Kc5 36. g4 b6 37. h4 b5 38. g5 hxg5+ 39. Kxg5 b4 40. b3 a5 41. h5 a4 42. h6 axb3 43. axb3 Kb5 44. h7 Kc5 45. h8=Q d4 46. Bxd4+ Kd5 47. Qe5# 1-0

[Event "Junior Online 4NCL Division 3"]
[Site "online"]
[Date "2021.02.18"]
[EventDate "2021.02.18"]
[Round "3.108"]
[White "Naren, Riya"]
[WhiteElo "646"]
[WhiteTeam "Watford Juniors E"]
[Black "Bhattacharjee, Aaditya"]
[BlackElo "250"]
[BlackTeam "East Kilbride Bishops"]
[Result "0-1"]
[PlyCount "50"]

1. e4 e5 2. Nf3 Nf6 3. Nc3 Nc6 4. Bb5 Bd6 5. d3 a6 6. Bxc6 dxc6 7. Bg5 O-O 8. O-O h6 9. Bxf6 Qxf6 10. d4 exd4 11. Ne2 c5 12. c3 Bg4 13. h3 Bxf3 14. gxf3 Qe5 15. f4 Qxe4 16. Ng3 Qxf4 17. Ne2 Qg5+ 18. Ng3 Bxg3 19. fxg3 Qxg3+ 20. Kh1 Qxh3+ 21. Kg1 Rfe8 22. cxd4 Rad8 23. Qb1 Rxd4 24. Rc1 Rd2 25. b3 Qg2# 0-1

[Event "Junior Online 4NCL Division 3"]
[Site "online"]
[Date "2021.02.18"]
[EventDate "2021.02.18"]
[Round "3.111"]
[White "Oh, Julie"]
[WhiteElo "1442"]
[WhiteTeam "JHJ Shark Tank 4"]
[Black "Miles, Jacob"]
[BlackElo "777"]
[BlackTeam "Leicestershire Juniors 5"]
[Result "1-0"]
[PlyCount "35"]

1. e4 e5 2. Nf3 Nf6 3. Nc3 Nc6 4. Bb5 d6 5. d4 exd4 6. Nxd4 Bg4 7. f3 Be6 8. Nxc6 bxc6 9. Bxc6+ Bd7 10. Bxa8 Qxa8 11. O-O d5 12. Nxd5 Bc5+ 13. Kh1 O-O 14. Nxf6+ gxf6 15. Qxd7 c6 16. Bh6 Rd8 17. Qg4+ Kh8 18. Qg7# 1-0

[Event "Junior Online 4NCL Division 3"]
[Site "online"]
[Date "2021.02.18"]
[EventDate "2021.02.18"]
[Round "3.112"]
[White "Das, Aman"]
[WhiteElo "658"]
[WhiteTeam "Leicestershire Juniors 5"]
[Black "Groot Wassink, Emma"]
[BlackElo "1428"]
[BlackTeam "JHJ Shark Tank 4"]
[Result "0-1"]
[PlyCount "77"]

1. e4 e5 2. Nf3 Nc6 3. Bc4 Bc5 4. d3 d6 5. O-O Bg4 6. Nc3 Nd4 7. Bg5 Nxf3+ 8. gxf3 Qxg5 9. fxg4 Nf6 10. h3 Qh4 11. Qf3 O-O 12. Bd5 c6 13. Bb3 b5 14. Kh1 a5 15. a4 b4 16. Ne2 Rad8 17. Ng3 d5 18. Nf5 Qg5 19. h4 Qf4 20. Qh3 Nxg4 21. f3 Nf2+ 22. Rxf2 Bxf2 23. Rg1 Bxg1 24. Kxg1 dxe4 25. fxe4 Qc1+ 26. Kg2 Qd2+ 27. Kf3 Qf4+ 28. Ke2 Rfe8 29. h5 h6 30. Qg2 Qg5 31. Qh3 c5 32. c4 bxc3 33. bxc3 Rb8 34. Qh4 Qxh4 35. Nxh4 Rxb3 36. Nf5 Rxc3 37. Kf3 Rxd3+ 38. Kg4 c4 39. Nh4 0-1

[Event "Junior Online 4NCL Division 3"]
[Site "online"]
[Date "2021.02.18"]
[EventDate "2021.02.18"]
[Round "3.113"]
[White "Hatem, Mika"]
[WhiteElo "1369"]
[WhiteTeam "JHJ Shark Tank 4"]
[Black "Gadhia, Sathya"]
[BlackElo "729"]
[BlackTeam "Leicestershire Juniors 5"]
[Result "1-0"]
[PlyCount "97"]

1. e4 Nc6 2. Nf3 Nf6 3. Nc3 d5 4. exd5 Nxd5 5. Bc4 Bg4 6. Bxd5 Bxf3 7. Bxf3 g5 8. Bxc6+ bxc6 9. Qf3 Qd7 10. d3 g4 11. Qg3 f5 12. Bf4 h5 13. h4 Bh6 14. Bxh6 Rxh6 15. O-O-O f4 16. Qxf4 e5 17. Qxh6 Qd6 18. Qh8+ Ke7 19. Qxa8 Qd8 20. Qxa7 c5 21. Qxc5+ Qd6 22. Qxd6+ Kxd6 23. Rhe1 e4 24. Nxe4+ Ke7 25. d4 Kf7 26. d5 Ke8 27. Nd6+ Kf8 28. Re6 cxd6 29. Rde1 Kf7 30. Rxd6 g3 31. Rf6+ Kxf6 32. fxg3 Kf5 33. d6 Kf6 34. d7 Kf7 35. d8=Q Kg6 36. Qg5+ Kf7 37. Re7+ Kf8 38. Qg8+ Kxg8 39. c4 Kf8 40. Re1 Kf7 41. c5 Kf8 42. c6 Kf7 43. c7 Kf6 44. c8=Q Kf7 45. Qe8+ Kf6 46. Qe7+ Kg6 47. Re6+ Kf5 48. Qf6+ Kg4 49. Qf4# 1-0

[Event "Junior Online 4NCL Division 3"]
[Site "online"]
[Date "2021.02.18"]
[EventDate "2021.02.18"]
[Round "3.114"]
[White "Mehta, Zara"]
[WhiteElo "619"]
[WhiteTeam "Leicestershire Juniors 5"]
[Black "Burrill, Edoardo"]
[BlackElo "1383"]
[BlackTeam "JHJ Shark Tank 4"]
[Result "0-1"]
[PlyCount "36"]

1. d4 d5 2. Bf4 Nc6 3. e3 a6 4. Nf3 Nf6 5. c3 e6 6. Nbd2 Bd6 7. Bxd6 Qxd6 8. Bb5 axb5 9. O-O O-O 10. Re1 h6 11. Qe2 Nh7 12. c4 bxc4 13. Nxc4 dxc4 14. Qxc4 e5 15. dxe5 Qg6 16. Nd4 Bh3 17. g3 Qe4 18. Qc5 Qg2# 0-1

[Event "Junior Online 4NCL Division 3"]
[Site "online"]
[Date "2021.02.18"]
[EventDate "2021.02.18"]
[Round "3.115"]
[White "Miles, Jacob"]
[WhiteElo "777"]
[WhiteTeam "Leicestershire Juniors 5"]
[Black "Oh, Julie"]
[BlackElo "1442"]
[BlackTeam "JHJ Shark Tank 4"]
[Result "0-1"]
[PlyCount "54"]

1. e4 c5 2. Nc3 e6 3. Bc4 a6 4. Nf3 b5 5. Be2 Bb7 6. d3 Nc6 7. a3 Qc7 8. O-O Nf6 9. Nh4 Nd4 10. Bh5 Nxc2 11. Qxc2 Nxh5 12. Qe2 Nf4 13. Qf3 g5 14. Bxf4 gxf4 15. Qg4 Be7 16. Ne2 O-O-O 17. Nxf4 Rhg8 18. Qh3 Qxf4 19. Rae1 Qxh4 20. Qxh4 Bxh4 21. Re3 d5 22. Rc1 c4 23. dxc4 dxc4 24. b3 Kb8 25. bxc4 bxc4 26. Rxc4 Rd1+ 27. Re1 Rxe1# 0-1

[Event "Junior Online 4NCL Division 3"]
[Site "online"]
[Date "2021.02.18"]
[EventDate "2021.02.18"]
[Round "3.116"]
[White "Groot Wassink, Emma"]
[WhiteElo "1428"]
[WhiteTeam "JHJ Shark Tank 4"]
[Black "Das, Aman"]
[BlackElo "658"]
[BlackTeam "Leicestershire Juniors 5"]
[Result "1-0"]
[PlyCount "29"]

1. e4 c5 2. Nf3 Nc6 3. d4 d5 4. exd5 Qxd5 5. Nc3 Qf5 6. Bb5 Nf6 7. O-O e5 8. d5 Bd7 9. dxc6 Bxc6 10. Bxc6+ bxc6 11. Re1 Rd8 12. Qe2 Bd6 13. Nxe5 Ng4 14. Nxg4+ Be7 15. Qxe7# 1-0

[Event "Junior Online 4NCL Division 3"]
[Site "online"]
[Date "2021.02.18"]
[EventDate "2021.02.18"]
[Round "3.117"]
[White "Gadhia, Sathya"]
[WhiteElo "729"]
[WhiteTeam "Leicestershire Juniors 5"]
[Black "Hatem, Mika"]
[BlackElo "1369"]
[BlackTeam "JHJ Shark Tank 4"]
[Result "0-1"]
[PlyCount "54"]

1. Nf3 d5 2. Nc3 Nf6 3. e3 e6 4. d4 c5 5. Bb5+ Bd7 6. Bxd7+ Qxd7 7. e4 Nxe4 8. Nxe4 dxe4 9. Bg5 cxd4 10. Qxd4 exf3 11. Qxd7+ Kxd7 12. O-O-O+ Kc7 13. Rhe1 f6 14. Bf4+ e5 15. Be3 fxg2 16. Rd2 Nc6 17. Red1 Nd4 18. Bxd4 exd4 19. Rxd4 Bc5 20. Rd7+ Kc6 21. Rd8 Raxd8 22. Rxd8 Rxd8 23. c4 g1=Q+ 24. Kc2 Qd1+ 25. Kc3 Qd2+ 26. Kb3 Rd3+ 27. Ka4 Qb4# 0-1

[Event "Junior Online 4NCL Division 3"]
[Site "online"]
[Date "2021.02.18"]
[EventDate "2021.02.18"]
[Round "3.118"]
[White "Burrill, Edoardo"]
[WhiteElo "1383"]
[WhiteTeam "JHJ Shark Tank 4"]
[Black "Mehta, Zara"]
[BlackElo "619"]
[BlackTeam "Leicestershire Juniors 5"]
[Result "1-0"]
[PlyCount "39"]

1. e4 e6 2. Nf3 Nf6 3. e5 Nd5 4. d4 Nc6 5. c4 Ndb4 6. a3 Na6 7. b4 Be7 8. b5 O-O 9. bxc6 bxc6 10. c5 d6 11. cxd6 cxd6 12. exd6 Bxd6 13. Nbd2 Bd7 14. Bxa6 Qb8 15. Ne4 Be7 16. Qd2 Qb6 17. Qf4 Qxa6 18. Qg3 Qa4 19. Bh6 Kh8 20. Qxg7# 1-0

[Event "Junior Online 4NCL Division 3"]
[Site "online"]
[Date "2021.02.18"]
[EventDate "2021.02.18"]
[Round "3.121"]
[White "Parizad, Anjal"]
[WhiteElo "915"]
[WhiteTeam "Leicestershire Juniors 4"]
[Black "Patel, Ishaan"]
[BlackElo "1467"]
[BlackTeam "The Hall 1"]
[Result "0-1"]
[PlyCount "64"]

1. e4 e5 2. Nf3 Nc6 3. Bc4 Bc5 4. d3 Nf6 5. Ng5 O-O 6. O-O h6 7. Nf3 d6 8. Nc3 Be6 9. Qe2 Bg4 10. b3 Nd4 11. Qd2 Bxf3 12. gxf3 Nxf3+ 13. Kg2 Nxd2 14. Bxd2 Re8 15. d4 Bxd4 16. Nb5 Bxa1 17. Rxa1 Nxe4 18. Be3 d5 19. Be2 d4 20. Bc1 c6 21. Na3 f5 22. Nc4 b5 23. Nd2 Nxd2 24. Bxd2 f4 25. c4 bxc4 26. bxc4 Rf8 27. c5 Qg5+ 28. Kh3 Rf6 29. Bc4+ Kh8 30. Re1 Rg6 31. Be2 Qg2+ 32. Kh4 Qxh2# 0-1

[Event "Junior Online 4NCL Division 3"]
[Site "online"]
[Date "2021.02.18"]
[EventDate "2021.02.18"]
[Round "3.122"]
[White "Smolders, Thomas"]
[WhiteElo "1330"]
[WhiteTeam "The Hall 1"]
[Black "Abraham, Lexi"]
[BlackElo "970"]
[BlackTeam "Leicestershire Juniors 4"]
[Result "1-0"]
[PlyCount "73"]

1. e4 e5 2. Nf3 Nc6 3. d4 d6 4. dxe5 dxe5 5. Qxd8+ Kxd8 6. Bc4 Nf6 7. Nc3 Bg4 8. Bxf7 Ke7 9. Bc4 Na5 10. Be2 Bxf3 11. Bxf3 Rd8 12. Bg5 Nc4 13. Nd5+ Kf7 14. b3 Nd6 15. Bh5+ Nxh5 16. Bxd8 c6 17. Ne3 Nxe4 18. f3 Nc5 19. Bc7 Ne6 20. Bxe5 Ng5 21. O-O-O Ba3+ 22. Bb2 Bc5 23. Bd4 Bxd4 24. Rxd4 c5 25. Rd5 h6 26. f4 Nxf4 27. Rxc5 Nxg2 28. Nxg2 b6 29. Rc7+ Kg6 30. Rxa7 Nh3 31. Rd1 Nf2 32. Rd6+ Kh7 33. Rdd7 Rg8 34. Nf4 Ng4 35. h3 Kh8 36. hxg4 g6 37. Rh7# 1-0

[Event "Junior Online 4NCL Division 3"]
[Site "online"]
[Date "2021.02.18"]
[EventDate "2021.02.18"]
[Round "3.124"]
[White "Jhamna, Florian"]
[WhiteElo "1369"]
[WhiteTeam "The Hall 1"]
[Black "Jackson, Will"]
[BlackElo "809"]
[BlackTeam "Leicestershire Juniors 4"]
[Result "1-0"]
[PlyCount "45"]

1. e4 e5 2. Bc4 Bb4 3. c3 Ba5 4. Nf3 f6 5. d4 d6 6. dxe5 fxe5 7. Bg5 Ne7 8. Nbd2 d5 9. exd5 h6 10. Bxe7 Qxe7 11. O-O Na6 12. Nxe5 Qxe5 13. Re1 Qxe1+ 14. Qxe1+ Kd8 15. Qe5 Nc5 16. Qxg7 Re8 17. h4 Bg4 18. Qxg4 Nd3 19. Bxd3 c5 20. Qg7 b5 21. Qf6+ Re7 22. Re1 Rc8 23. Qxe7# 1-0

[Event "Junior Online 4NCL Division 3"]
[Site "online"]
[Date "2021.02.18"]
[EventDate "2021.02.18"]
[Round "3.125"]
[White "Patel, Ishaan"]
[WhiteElo "1467"]
[WhiteTeam "The Hall 1"]
[Black "Parizad, Anjal"]
[BlackElo "915"]
[BlackTeam "Leicestershire Juniors 4"]
[Result "1-0"]
[PlyCount "81"]

1. e4 e5 2. Nf3 Nf6 3. Nc3 Bc5 4. Bc4 Ng4 5. O-O O-O 6. h3 Nf6 7. Nxe5 d6 8. Nf3 Nc6 9. d4 Bxd4 10. Nxd4 Nxd4 11. Qxd4 c5 12. Qd1 b6 13. Bg5 h6 14. Bxf6 Qxf6 15. Qf3 Qxf3 16. gxf3 Bxh3 17. Rfe1 Rae8 18. Rad1 Rd8 19. Kh2 Be6 20. Bxe6 fxe6 21. e5 Rxf3 22. Rxd6 Rb8 23. Kg2 Rf7 24. Rxe6 Rd8 25. Rd6 Rxd6 26. exd6 Rf8 27. d7 Rd8 28. Rd1 Rxd7 29. Rxd7 a5 30. Rb7 c4 31. Rxb6 a4 32. Ra6 g5 33. Rxa4 h5 34. Rxc4 g4 35. Rc7 Kf8 36. a4 Ke8 37. a5 Kd8 38. Nb5 Ke8 39. a6 Kd8 40. a7 h4 41. a8=Q# 1-0

[Event "Junior Online 4NCL Division 3"]
[Site "online"]
[Date "2021.02.18"]
[EventDate "2021.02.18"]
[Round "3.126"]
[White "Abraham, Lexi"]
[WhiteElo "970"]
[WhiteTeam "Leicestershire Juniors 4"]
[Black "Smolders, Thomas"]
[BlackElo "1330"]
[BlackTeam "The Hall 1"]
[Result "0-1"]
[PlyCount "36"]

1. e4 e5 2. Nf3 Nc6 3. Nc3 Bc5 4. Bc4 d6 5. O-O Bg4 6. h3 Bh5 7. d3 Nd4 8. Bg5 Nxf3+ 9. Qxf3 Qxg5 10. Qg3 Qxg3 11. Na4 Qg6 12. Nxc5 dxc5 13. Bb5+ c6 14. Bc4 Bf3 15. g3 Qh5 16. Rfc1 Qxh3 17. Bxf7+ Kxf7 18. Rf1 Qg2# 0-1

[Event "Junior Online 4NCL Division 3"]
[Site "online"]
[Date "2021.02.18"]
[EventDate "2021.02.18"]
[Round "3.128"]
[White "Jackson, Will"]
[WhiteElo "809"]
[WhiteTeam "Leicestershire Juniors 4"]
[Black "Jhamna, Florian"]
[BlackElo "1369"]
[BlackTeam "The Hall 1"]
[Result "0-1"]
[PlyCount "64"]

1. d4 e6 2. Nc3 d5 3. e3 c5 4. Bb5+ Nc6 5. dxc5 Bxc5 6. Na4 Bb4+ 7. Bd2 Bxd2+ 8. Qxd2 a6 9. Be2 b5 10. Nc5 Nf6 11. Nf3 O-O 12. Ne5 Nxe5 13. Qd4 Nc6 14. Qd1 Qa5+ 15. c3 b4 16. Nd3 bxc3 17. bxc3 Qxc3+ 18. Qd2 Qxa1+ 19. Qd1 Qxd1+ 20. Kxd1 Rb8 21. f4 Nb4 22. a3 Nxd3 23. Bxd3 Ne4 24. Bxe4 dxe4 25. g3 Rb1+ 26. Kd2 Rxh1 27. Kc2 Rxh2+ 28. Kc3 Rh3 29. Kc4 Rxg3 30. Kd4 Rd8+ 31. Kxe4 f5+ 32. Ke5 Rxe3# 0-1

[Event "Junior Online 4NCL Division 3"]
[Site "online"]
[Date "2021.02.18"]
[EventDate "2021.02.18"]
[Round "3.131"]
[White "Grahame, Silas"]
[WhiteElo "1075"]
[WhiteTeam "Harrow Juniors F"]
[Black "Bryant, Harry"]
[BlackElo "1460"]
[BlackTeam "JHJ Shark Tank 3"]
[Result "0-1"]
[PlyCount "20"]

1. d4 Nf6 2. c4 d6 3. Nc3 Nbd7 4. e3 e5 5. c5 exd4 6. exd4 dxc5 7. dxc5 Bxc5 8. Bg5 O-O 9. Bxf6 Qxf6 10. Bb5 Qxf2# 0-1

[Event "Junior Online 4NCL Division 3"]
[Site "online"]
[Date "2021.02.18"]
[EventDate "2021.02.18"]
[Round "3.132"]
[White "Hanache, Kai"]
[WhiteElo "1371"]
[WhiteTeam "JHJ Shark Tank 3"]
[Black "Wang, Xiling"]
[BlackElo "894"]
[BlackTeam "Harrow Juniors F"]
[Result "1-0"]
[PlyCount "37"]

1. d4 d5 2. c4 c6 3. cxd5 cxd5 4. Nc3 Nf6 5. Bg5 e6 6. e3 Bb4 7. Qa4+ Nc6 8. Bb5 Bd7 9. Bxc6 Bxc3+ 10. bxc3 Bxc6 11. Qa3 h6 12. Bxf6 Qxf6 13. Nf3 Qf5 14. Ne5 Rc8 15. Nxc6 bxc6 16. Qxa7 Qd3 17. Qc5 Kd8 18. a4 Re8 19. Qd6# 1-0

[Event "Junior Online 4NCL Division 3"]
[Site "online"]
[Date "2021.02.18"]
[EventDate "2021.02.18"]
[Round "3.133"]
[White "Patel-Davis, Riyan"]
[WhiteElo "876"]
[WhiteTeam "Harrow Juniors F"]
[Black "Vashisht-Pigem, Raman"]
[BlackElo "1405"]
[BlackTeam "JHJ Shark Tank 3"]
[Result "0-1"]
[PlyCount "68"]

1. e4 e5 2. Nf3 Nc6 3. Nc3 Nf6 4. Bb5 d6 5. d3 h6 6. h3 Be7 7. Be3 O-O 8. O-O Be6 9. d4 exd4 10. Nxd4 Ne5 11. Nxe6 fxe6 12. f4 Nc6 13. Qf3 Kh8 14. Rfd1 a6 15. Bxc6 bxc6 16. e5 Nd5 17. Nxd5 cxd5 18. c3 dxe5 19. fxe5 Rxf3 20. gxf3 Qe8 21. Rd4 c5 22. Rg4 Qf7 23. Rf1 Rf8 24. Ra4 Qh5 25. f4 Qxh3 26. Bd2 Rf5 27. Ra1 Bh4 28. Be1 Bxe1 29. Rxe1 Qg3+ 30. Kf1 Rxf4+ 31. Ke2 Rxa4 32. b4 Rxa2+ 33. Kd1 Qd3+ 34. Kc1 Qc2# 0-1

[Event "Junior Online 4NCL Division 3"]
[Site "online"]
[Date "2021.02.18"]
[EventDate "2021.02.18"]
[Round "3.134"]
[White "Yu, Rock"]
[WhiteElo "1450"]
[WhiteTeam "JHJ Shark Tank 3"]
[Black "Horwood, Alexander"]
[BlackElo "640"]
[BlackTeam "Harrow Juniors F"]
[Result "1-0"]
[PlyCount "25"]

1. e4 e5 2. Nf3 Nc6 3. Bc4 Bc5 4. b4 Bxb4 5. c3 Bc5 6. d4 exd4 7. O-O dxc3 8. Qb3 Nf6 9. Bxf7+ Kf8 10. e5 d6 11. exf6 gxf6 12. Bh5 Bf5 13. Qf7# 1-0

[Event "Junior Online 4NCL Division 3"]
[Site "online"]
[Date "2021.02.18"]
[EventDate "2021.02.18"]
[Round "3.135"]
[White "Bryant, Harry"]
[WhiteElo "1460"]
[WhiteTeam "JHJ Shark Tank 3"]
[Black "Grahame, Silas"]
[BlackElo "1075"]
[BlackTeam "Harrow Juniors F"]
[Result "1-0"]
[PlyCount "39"]

1. e4 c6 2. d4 d5 3. e5 e6 4. c4 dxc4 5. Bxc4 b5 6. Bb3 f5 7. g4 Bb4+ 8. Nc3 Bxc3+ 9. bxc3 Nd7 10. gxf5 exf5 11. e6 Nb6 12. Ba3 Nc4 13. Bxc4 bxc4 14. Qa4 Bxe6 15. Qxc6+ Bd7 16. Qc5 Ne7 17. O-O-O Nc6 18. Re1+ Kf7 19. Qxc4+ Be6 20. Qxe6# 1-0